Os cinco numa aventura americana (Registo nº 1360)

Detalhes MARC
000 -Etiqueta do registo
Cabeçalho 00739nam0a2200277 4500
005 - Identificador da versão
Campo de controlo 20240813121833.0
010 ## - Número internacional normalizado dos livros (ISBN)
Número (ISBN) 989612003X
021 ## - Número do Depósito Legal
Código do país PT
Número M-27621-2000
100 ## - Dados gerais de processamento
Dados gerais de processamento 20120217d20002004d y0pory5003 ba
102 ## - Pais de publicação ou produção
País de publicação Portugal
101 1# - Língua de publicação
Língua do texto, banda sonora, etc. Português
Língua do documento no original Inglês
106 ## - Campo de dados codificados: material textual
Dados codificados do material textual r
105 ## - Campo de dados codificados: livros
Dados codificados dos livros a z 001yy
215 ## - Descrição física 
Indicação específica da natureza do documento e extensão da espécie 169 p.
Outras indicações físicas il.
200 1# - Titulo e menção de responsabilidade
Título próprio Os cinco numa aventura americana
Primeira menção de responsabilidade Enid Blyton
Outras menções de responsabilidade trad. Álvaro Fernandes
225 2# - Colecção 
Título próprio da colecção mistério e aventura
Indicação de volume 14
205 ## - Menção da edição
Menção da edição 2ª ed
210 ## - Publicação, Distribuição, etc. 
Lugar da edição, distribuição, etc. Lisboa
Nome do editor, distribuidor, etc. Edimpresa
Data da publicação, distribuição, etc. 2004
304 ## - Notas relativas a título e menção de responsabilidade 
Texto da nota Tít. orig.: Five have a plenty of fun
701 #1 - Nome de autor-pessoa física (co-responsabilidade principal)
Palavra de ordem Fernandes
Outra parte do nome não tomada para palavra de ordem Álvaro
Código de função Tradutor
700 #1 - Nome de autor-pessoa física (responsabilidade principal)
Número de registo de entrada de autoridade 0001363
Palavra de ordem Blyton
Outra parte do nome não tomada para palavra de ordem Enid
966 ## - Identificação da Biblioteca
Sigla NUMETECA
942 ## - Elementos de entrada adicionados (Koha)
Tipo de item no Koha Livro
Exemplares
Situação do levantamento Origin of item (home branch) (coded) Biblioteca de empréstimo Código de barras Cota Circulation type (not for loan) Tipo de documento Nota do exemplar Damaged status
  Biblioteca Escolar Eng. Nuno Mergulhão Biblioteca Escolar Eng. Nuno Mergulhão BENM1097 | 2004 8 EST BLY   Livro Sem mensagem